000 00335nam a2200133Ia 4500
003 GCL
008 140319s9999 xx 000 0 eng d
040 _aGCL /
_cGCL
082 0 4 _aCH
_b030
_bT T
100 1 _aTIME LIFE BOOKS
245 1 0 _aTHINGS TO DO /
_cTIME LIFE BOOKS
260 _a[S.N] :
_bTIME LIFE BOOKS ،
_c1989
300 _a87 P
999 _c11344
_d11344